Introducción a la sociología /

Guardado en:
Autor Principal: Horton, Paul B.
Otros Autores: Horton, Robert L.
Formato: Libro
Publicado: Buenos Aires : El Ateneo, 1983
Edición:3a. ed.
Materias:
Rol
Etiquetas: Agregar Etiqueta
Sin Etiquetas, Sea el primero en etiquetar este registro!
LEADER 01218nam a22002415a 4500
001 CEM.cems007248
005 20060214000000.0
008 130507s1983##################000#0#####d
003 CEMS
082 0 4 |a 301 
100 1 |a Horton, Paul B. 
245 1 0 |a Introducción a la sociología / 
250 |a 3a. ed. 
260 |a Buenos Aires :  |b El Ateneo,  |c 1983 
300 |a 176 p. 
505 0 |a 1. La Sociologia como ciencia. 2.La cultura. 3. Personalidad y socialización. 4. Rol y status. 5. Control social y desviación. 6. Grupos y asociaciónes. 7. Organizaciónes a gran escala. 8. Instituciónes sociales. 9. La familia. 10. Instituciónes Religiones. 11. Instituciónes educativas. 12. Instituciónes económicas y políticas. 13. Estratificaci¢n social y movilidad social. 14. Procesos sociales. 15.Relaciónes raciales y etnicas. 16. Comportamiento colectivo. 17. Población y ecolog¡a. 18. Comunidades rurales y urbanas. 19. Cambio social y cultural. 20, Movimientos sociales. 21. Problemas sociales. 
653 |a Cambio social 
653 |a Cultura 
653 |a Familia 
653 |a Rol 
653 |a Sociologia 
700 1 |a Horton, Robert L. 
859 |a CEMS  |b BIB. CEMS - 11 de abril  |h 301  |i H789a3  |p 17099.93  |t Ej.1